| 000 | 00598 a2200169 4500 | ||
|---|---|---|---|
| 020 | _a0521670543 | ||
| 020 | _a9780521670548 | ||
| 082 | _a530.143 | ||
| 090 |
_c1138 _d1138 |
||
| 100 | 1 | _aWeinberg, Steven. | |
| 245 | 1 | 4 |
_aThe quantum theory of fields. _nVolume 2 : _bmodern applications / _cSteven Weinberg. |
| 260 |
_a[S.l.] : _bCambridge University Press, _c2005. |
||
| 300 |
_a489 p. ; _c25 cm. |
||
| 700 | _aWeinberg, Steven. | ||
| 942 |
_aSNS _cBK _k530.143 WEI |
||
| 999 |
_c29752 _d29752 |
||